[Event "EU-ch Seniors 65 (Women)"]
[Site "Rhodes"]
[Date "2019.04.10"]
[Round "5"]
[White "Khmiadashvili, Tamari"]
[Black "Sinchurina, Tatiana"]
[Result "1-0"]
[WhiteElo "1976"]
[BlackElo "1967"]
[PlyCount "77"]
[EventDate "2019.04.06"]
[EventType "tourn"]
[EventRounds "9"]
[EventCountry "GRE"]
[SourceTitle "CBM 189 Extra"]
[Source "ChessBase"]
[SourceDate "2019.06.03"]
[SourceVersion "1"]
[SourceVersionDate "2019.06.03"]
[SourceQuality "1"]

1. c4 e5 2. Nc3 Nf6 3. g3 Be7 4. Bg2 d6 5. d3 Nc6 6. e3 Be6 7. Nd5 Bxd5 8. cxd5 Nb8 9. Ne2 0-0 10. Nc3 Nbd7 11. 0-0 Rc8 12. g4 c5 13. f4 Ne8 14. g5 f5 15. h4 exf4 16. exf4 a6 17. a4 Rb8 18. Re1 Nc7 19. d4 Re8 20. dxc5 Nxc5 21. b4 Nd7 22. Bb2 Bf8 23. Qd4 Re7 24. Kf1 Ne8 25. Rxe7 Qxe7 26. Ne2 Rc8 27. Ng3 Qd8 28. Nxf5 Qb6 29. Ne3 Qxd4 30. Bxd4 g6 31. Bh3 Bg7 32. Bxg7 Nxg7 33. Bxd7 Rc3 34. Kf2 Rb3 35. b5 Rb4 36. bxa6 bxa6 37. Ng4 Rxf4+ 38. Ke3 Rf7 39. Nh6+ 1-0

[Event "Bled Planinc Memorial 1st"]
[Site "Bled"]
[Date "2018.11.24"]
[Round "4"]
[White "Khmiadashvili, Tamari"]
[Black "Kastelic, Marian"]
[Result "0-1"]
[WhiteElo "2010"]
[BlackElo "2241"]
[PlyCount "52"]
[EventDate "2018.11.24"]
[EventType "swiss (blitz)"]
[EventRounds "9"]
[EventCountry "SLO"]
[SourceTitle "CBM 187 Extra"]
[Source "ChessBase"]
[SourceDate "2018.11.04"]
[SourceVersion "1"]
[SourceVersionDate "2018.11.04"]
[SourceQuality "1"]

1. d4 Nf6 2. c3 g6 3. Bg5 Bg7 4. Bxf6 Bxf6 5. e3 d6 6. g3 e5 7. dxe5 Bxe5 8. Bg2 Nc6 9. Ne2 h5 10. h4 Bg4 11. Nd2 Qd7 12. Qc2 a5 13. Nf3 Bg7 14. 0-0-0 a4 15. Ned4 0-0 16. Rd2 Rfe8 17. Nh2 Nxd4 18. cxd4 Qb5 19. Nxg4 hxg4 20. Be4 c5 21. d5 c4 22. h5 a3 23. hxg6 axb2+ 24. Kb1 f5 25. Bxf5 Rxa2 26. Be6+ Rxe6 0-1

[Event "Wch Seniors 65 (Women) 28th"]
[Site "Bled"]
[Date "2018.11.21"]
[Round "4"]
[White "Tsygankova, Enni"]
[Black "Khmiadashvili, Tamari"]
[Result "0-1"]
[WhiteElo "1760"]
[BlackElo "2010"]
[PlyCount "54"]
[EventDate "2018.11.18"]
[EventType "swiss"]
[EventRounds "11"]
[EventCountry "SLO"]
[SourceTitle "CBM 187 Extra"]
[Source "ChessBase"]
[SourceDate "2018.11.04"]
[SourceVersion "1"]
[SourceVersionDate "2018.11.04"]
[SourceQuality "1"]

1. d4 d5 2. Bf4 Nf6 3. e3 e6 4. Nf3 Be7 5. Bd3 b6 6. h3 Bb7 7. 0-0 Nbd7 8. Nbd2 0-0 9. a3 c5 10. c3 Ne4 11. Bb5 Ndf6 12. Nxe4 dxe4 13. Nd2 Nd5 14. Bg3 f5 15. Bc4 Bd6 16. Bxd6 Qxd6 17. Bxd5 exd5 18. dxc5 bxc5 19. b4 Ba6 20. c4 dxc4 21. b5 Bxb5 22. Re1 Rfd8 23. Nf1 Qxd1 24. Rexd1 Rd3 25. a4 Ba6 26. Rab1 Rad8 27. Rdc1 Rb3 0-1

[Event "Wch Seniors 65 (Women) 28th"]
[Site "Bled"]
[Date "2018.11.18"]
[Round "1"]
[White "Khmiadashvili, Tamari"]
[Black "Norman, Dinah M"]
[Result "0-1"]
[WhiteElo "2010"]
[BlackElo "1659"]
[PlyCount "109"]
[EventDate "2018.11.18"]
[EventType "swiss"]
[EventRounds "11"]
[EventCountry "SLO"]
[SourceTitle "CBM 187 Extra"]
[Source "ChessBase"]
[SourceDate "2018.11.04"]
[SourceVersion "1"]
[SourceVersionDate "2018.11.04"]
[SourceQuality "1"]

1. c4 e6 2. g3 d5 3. Bg2 Nf6 4. d3 c6 5. Nd2 Nbd7 6. Ngf3 Be7 7. 0-0 0-0 8. b3 b6 9. Bb2 Bb7 10. Qc2 a5 11. e4 Rc8 12. e5 Ne8 13. Rfe1 Nc7 14. a3 Na6 15. d4 c5 16. Rad1 Qc7 17. Qb1 Rfe8 18. h4 Nf8 19. dxc5 bxc5 20. Qc2 Rcd8 21. Nh2 d4 22. Be4 Bxe4 23. Qxe4 Qb6 24. Bc1 Nb8 25. Qd3 Nbd7 26. h5 Qc7 27. f4 h6 28. Ng4 Nh7 29. Nf3 Ndf8 30. f5 exf5 31. Qxf5 Ne6 32. Bxh6 Bf8 33. Bc1 Qb7 34. Rd3 Rb8 35. Qe4 Qxe4 36. Rxe4 Be7 37. Re1 Rb7 38. Bd2 Reb8 39. Bxa5 Rxb3 40. Red1 Rxd3 41. Rxd3 Rb1+ 42. Be1 Rc1 43. Rb3 Rxc4 44. Rb8+ Nhf8 45. h6 Ra4 46. Bd2 Rxa3 47. hxg7 Kxg7 48. Kf2 Ra2 49. Ke1 Ra1+ 50. Kf2 Ra2 51. Ke1 Ra1+ 52. Ke2 Ra2 53. Kd3 Ra3+ 54. Ke4 Kg6 55. Ngh2 0-1

[Event "GEO-chT Club"]
[Site "Tbilisi"]
[Date "2017.12.02"]
[Round "4.2"]
[White "Gvetadze, Sofio"]
[Black "Khmiadashvili, Tamari"]
[Result "1/2-1/2"]
[WhiteElo "2297"]
[BlackElo "1982"]
[PlyCount "86"]
[EventDate "2017.11.29"]
[EventType "team-tourn"]
[EventRounds "7"]
[EventCountry "GEO"]
[SourceTitle "CBM 181 Extra"]
[Source "ChessBase"]
[SourceDate "2017.12.12"]
[SourceVersion "1"]
[SourceVersionDate "2017.12.12"]
[SourceQuality "1"]
[WhiteTeam "Tbilisi"]
[BlackTeam "Kakheti"]
[WhiteTeamCountry "GEO"]
[BlackTeamCountry "GEO"]

1. e4 d5 2. exd5 Qxd5 3. Nc3 Qd6 4. d4 c6 5. Nf3 Bg4 6. h3 Bxf3 7. Qxf3 e6 8. Bf4 Qd8 9. 0-0-0 Nf6 10. d5 exd5 11. Nb5 cxb5 12. Bxb8 a6 13. Be5 Bd6 14. Bd4 0-0 15. Bd3 Re8 16. Rhe1 Rxe1 17. Rxe1 Ne4 18. Bxe4 dxe4 19. Qxe4 Qc7 20. Qg4 Bf8 21. Re3 Qc4 22. b3 Qc6 23. Bb2 Re8 24. Rxe8 Qxe8 25. Kd2 Qc6 26. g3 Qd5+ 27. Qd4 Qxd4+ 28. Bxd4 f5 29. Kd3 Kf7 30. c4 g6 31. cxb5 axb5 32. a4 bxa4 33. bxa4 Ke6 34. Kc4 Bd6 35. Be3 Kd7 36. Kd5 Bb4 37. Bd4 Ba5 38. Ke5 Bd8 39. h4 Ke7 40. Bc5+ Kd7 41. Be3 Be7 42. Ba7 Bd8 43. Be3 Be7 1/2-1/2

[Event "Wch Seniors 65 (Women) 27th"]
[Site "Acqui Terme"]
[Date "2017.11.09"]
[Round "3"]
[White "Gaprindashvili, Nona"]
[Black "Khmiadashvili, Tamari"]
[Result "0-1"]
[WhiteElo "2306"]
[BlackElo "1982"]
[PlyCount "58"]
[EventDate "2017.11.07"]
[EventType "swiss"]
[EventRounds "9"]
[EventCountry "ITA"]
[SourceTitle "CBM 181 Extra"]
[Source "ChessBase"]
[SourceDate "2017.12.12"]
[SourceVersion "1"]
[SourceVersionDate "2017.12.12"]
[SourceQuality "1"]

1. d4 d5 2. c4 e6 3. Nf3 Nf6 4. Bg5 Bb4+ 5. Nc3 h6 6. Bxf6 Qxf6 7. Qb3 Nc6 8. e3 0-0 9. a3 dxc4 10. Bxc4 Bd6 11. Bd3 e5 12. d5 Nd8 13. Qc4 Qe7 14. g4 a6 15. Rg1 b5 16. Qe4 f5 17. gxf5 Bxf5 18. Qxf5 Rxf5 19. Bxf5 b4 20. axb4 Bxb4 21. Kf1 Bxc3 22. bxc3 Qc5 23. Rd1 Nf7 24. Rg6 Nd6 25. Be6+ Kh7 26. Nxe5 Qxc3 27. Rd4 Rf8 28. Rg3 Nf5 29. Rf3 Nxd4 0-1

[Event "Wch Seniors 65 (Women) 27th"]
[Site "Acqui Terme"]
[Date "2017.11.08"]
[Round "2"]
[White "Khmiadashvili, Tamari"]
[Black "Kuznetsova, Luba"]
[Result "1-0"]
[WhiteElo "1982"]
[BlackElo "2008"]
[PlyCount "120"]
[EventDate "2017.11.07"]
[EventType "swiss"]
[EventRounds "9"]
[EventCountry "ITA"]
[SourceTitle "CBM 181 Extra"]
[Source "ChessBase"]
[SourceDate "2017.12.12"]
[SourceVersion "1"]
[SourceVersionDate "2017.12.12"]
[SourceQuality "1"]

1. e4 c5 2. f4 Nc6 3. Bb5 Nd4 4. Bd3 Qc7 5. c3 Nc6 6. Qf3 d6 7. Bb5 Bd7 8. d3 g6 9. Ne2 Bg7 10. 0-0 Nf6 11. h3 0-0 12. Na3 a6 13. Bxc6 Bxc6 14. Ng3 b5 15. Qe2 Nd7 16. Nc2 a5 17. d4 b4 18. d5 Bb7 19. c4 a4 20. Rb1 Nb6 21. Be3 Nxc4 22. b3 Nxe3 23. Nxe3 Ba6 24. Nc4 axb3 25. axb3 Bb5 26. Rfc1 Ra7 27. Nf1 Rfa8 28. Qg4 Bxc4 29. Rxc4 Ra1 30. Rd1 Rxd1 31. Qxd1 Ra1 32. Rc1 Ra2 33. Ne3 Qa7 34. Nc4 Bd4+ 35. Kh2 Rf2 36. Qg4 Qa2 37. e5 dxe5 38. fxe5 Qxb3 39. d6 exd6 40. exd6 h5 41. Qxd4 cxd4 42. d7 Qa2 43. d8Q+ Kh7 44. Qd5 d3 45. Rd1 d2 46. Qd4 Qc2 47. Qxf2 Qxd1 48. Qxf7+ Kh6 49. Qf4+ Kg7 50. Qxd2 Qb1 51. Qb2+ Qxb2 52. Nxb2 Kf6 53. Kg3 g5 54. Kf3 Kf5 55. g4+ hxg4+ 56. hxg4+ Kf6 57. Ke4 Ke6 58. Kd4 b3 59. Nc4 Ke7 60. Kd5 Ke8 1-0

[Event "Wch Seniors 65 (Women) 26th"]
[Site "Marianske Lazne"]
[Date "2016.11.29"]
[Round "8"]
[White "Khmiadashvili, Tamari"]
[Black "Florea, Dorina"]
[Result "1-0"]
[WhiteElo "1971"]
[BlackElo "1769"]
[PlyCount "53"]
[EventDate "2016.11.19"]
[EventType "swiss"]
[EventRounds "9"]
[EventCountry "CZE"]
[SourceTitle "CBM 175 Extra"]
[Source "ChessBase"]
[SourceDate "2016.12.12"]
[SourceVersion "1"]
[SourceVersionDate "2016.12.12"]
[SourceQuality "1"]

1. d4 Nf6 2. Nf3 e6 3. e3 d5 4. Nbd2 Nbd7 5. Bd3 c5 6. b3 Bd6 7. Bb2 0-0 8. Ne5 Qc7 9. f4 a6 10. c4 Nb6 11. 0-0 dxc4 12. Ndxc4 Nxc4 13. bxc4 Bd7 14. Nxd7 Nxd7 15. Qh5 f5 16. Qf3 cxd4 17. exd4 b6 18. Rae1 Rae8 19. Re2 Nf6 20. g3 a5 21. Rc1 Qa7 22. Qc6 Qc7 23. Qxc7 Bxc7 24. Ba3 Rf7 25. Rce1 Rd8 26. Rxe6 Rxd4 27. Re8+ 1-0

[Event "Wch Seniors 65 (Women) 26th"]
[Site "Marianske Lazne"]
[Date "2016.11.19"]
[Round "1"]
[White "Urbanaites, Elvira"]
[Black "Khmiadashvili, Tamari"]
[Result "0-1"]
[WhiteElo "1501"]
[BlackElo "1971"]
[PlyCount "44"]
[EventDate "2016.11.19"]
[EventType "swiss"]
[EventRounds "9"]
[EventCountry "CZE"]
[SourceTitle "CBM 175 Extra"]
[Source "ChessBase"]
[SourceDate "2016.12.12"]
[SourceVersion "1"]
[SourceVersionDate "2016.12.12"]
[SourceQuality "1"]

1. e4 e5 2. d4 d6 3. dxe5 dxe5 4. Qxd8+ Kxd8 5. Nf3 f6 6. Bc4 c6 7. 0-0 Kc7 8. Be3 Nd7 9. Nbd2 Ne7 10. a3 g5 11. h3 Ng6 12. Be6 Be7 13. Nh2 h5 14. Rad1 b6 15. f3 Nf4 16. Bxd7 Bxd7 17. Rf2 Be6 18. Nhf1 Rad8 19. Kh2 g4 20. Ng3 h4 21. hxg4 hxg3+ 22. Kxg3 f5 0-1

[Event "Poti Aleksandria Cup 11th"]
[Site "Poti"]
[Date "2016.07.20"]
[Round "9"]
[White "Eynullayev, Atilla Elshan"]
[Black "Khmiadashvili, Tamari"]
[Result "1/2-1/2"]
[WhiteElo "1937"]
[BlackElo "2083"]
[PlyCount "161"]
[EventDate "2016.07.13"]
[EventType "swiss"]
[EventRounds "9"]
[EventCountry "GEO"]
[SourceTitle "CBM 173 Extra"]
[Source "ChessBase"]
[SourceDate "2016.08.29"]
[SourceVersion "1"]
[SourceVersionDate "2016.08.29"]
[SourceQuality "1"]

1. e4 c6 2. d4 g6 3. Nf3 Bg7 4. c3 d5 5. Nbd2 dxe4 6. Nxe4 Nf6 7. Nxf6+ exf6 8. Bd3 0-0 9. 0-0 Qc7 10. Re1 Be6 11. Bd2 Rd8 12. Qe2 Nd7 13. c4 c5 14. h3 cxd4 15. Nxd4 Nc5 16. Nxe6 Nxe6 17. Rad1 f5 18. Bc1 a5 19. Kh1 a4 20. Bb1 Rdc8 21. Bd3 a3 22. bxa3 Bf8 23. Bb2 Bxa3 24. Be5 Qc6 25. Rb1 Bf8 26. Rb2 Nc5 27. Bc2 Re8 28. Qd2 Rad8 29. Qc3 f6 30. Bg3 Rxe1+ 31. Qxe1 Re8 32. Qc3 Ne4 33. Bxe4 Rxe4 34. Qf3 Qxc4 35. Rxb7 f4 36. Bh4 Qd5 37. Rb1 g5 38. Qg4 Qe6 39. f3 Qxg4 40. hxg4 Re2 41. Be1 Rxa2 42. Bc3 Ra6 43. Bd4 Kf7 44. Rb6 Rxb6 45. Bxb6 Kg6 46. Bc7 f5 47. gxf5+ Kxf5 48. Kh2 Bg7 49. Bd8 Be5 50. Ba5 h5 51. Bd2 g4 52. fxg4+ hxg4 53. Kg1 Ke4 54. Kf1 Kd3 55. Ba5 Bd4 56. Bc7 Ke3 57. Bd6 Bf6 58. Bc7 Bh4 59. Bd6 Bg3 60. Bc7 Bh4 61. Bd6 f3 62. Bc7 Ke4 63. Bd6 Bg5 64. Bg3 Bf4 65. Bf2 Bd6 66. Bh4 Kf4 67. Be1 Be7 68. Bf2 Bb4 69. Bh4 Bc3 70. Bf2 Bd2 71. Bh4 Be3 72. Be1 Ke4 73. Bh4 Bf4 74. Bf2 Bh2 75. Bh4 Kf4 76. Bf2 Bg3 77. Bb6 Ke4 78. Bc5 Bh4 79. Bb6 g3 80. Bc7 Ke3 81. Bxg3 1/2-1/2

[Event "Poti Aleksandria Cup 11th"]
[Site "Poti"]
[Date "2016.07.17"]
[Round "6"]
[White "Khmiadashvili, Tamari"]
[Black "Tsomaia, Nikoloz"]
[Result "0-1"]
[WhiteElo "2083"]
[BlackElo "2168"]
[PlyCount "88"]
[EventDate "2016.07.13"]
[EventType "swiss"]
[EventRounds "9"]
[EventCountry "GEO"]
[SourceTitle "CBM 173 Extra"]
[Source "ChessBase"]
[SourceDate "2016.08.29"]
[SourceVersion "1"]
[SourceVersionDate "2016.08.29"]
[SourceQuality "1"]

1. Nf3 Nf6 2. b3 b6 3. Bb2 e6 4. g3 Bb7 5. Bg2 Be7 6. 0-0 0-0 7. d3 d5 8. Ne5 Nbd7 9. Nxd7 Qxd7 10. Nd2 Rfd8 11. e3 c5 12. f4 Rac8 13. g4 c4 14. Bxf6 Bxf6 15. d4 cxb3 16. axb3 a5 17. g5 Be7 18. Rf3 g6 19. Bf1 Rc7 20. Rg3 Qc8 21. c4 Ba8 22. h4 Bf8 23. h5 dxc4 24. Nxc4 Qb8 25. hxg6 hxg6 26. Ne5 Bg7 27. Ng4 Rd6 28. Rh3 Qd8 29. Qe1 Rc2 30. Ra4 Kf8 31. Rc4 Rc6 32. Rh2 Rxh2 33. Kxh2 Rxc4 34. bxc4 Qd6 35. Qg3 a4 36. Ne5 Bxe5 37. fxe5 Qc6 38. d5 exd5 39. e4 dxe4 40. e6 Qxe6 41. Qb8+ Qe8 42. Qxb6 e3 43. Qb2 Kg8 44. c5 a3 0-1

[Event "Poti Aleksandria Cup 11th"]
[Site "Poti"]
[Date "2016.07.14"]
[Round "2"]
[White "Khmiadashvili, Tamari"]
[Black "Gevorgyan, David"]
[Result "0-1"]
[WhiteElo "2083"]
[BlackElo "2346"]
[PlyCount "66"]
[EventDate "2016.07.13"]
[EventType "swiss"]
[EventRounds "9"]
[EventCountry "GEO"]
[SourceTitle "CBM 173 Extra"]
[Source "ChessBase"]
[SourceDate "2016.08.29"]
[SourceVersion "1"]
[SourceVersionDate "2016.08.29"]
[SourceQuality "1"]

1. c4 e5 2. Nc3 d6 3. e3 g6 4. b4 Bg7 5. Bb2 Nf6 6. d3 0-0 7. Nge2 Be6 8. e4 Nc6 9. b5 Ne7 10. f4 Ng4 11. Nd5 c6 12. Nxe7+ Qxe7 13. h3 Ne3 14. Qc1 exf4 15. Bxg7 Kxg7 16. Kd2 Qg5 17. h4 Qh6 18. Kc3 cxb5 19. g3 fxg3 20. Rg1 bxc4 21. d4 Nxf1 22. Qxh6+ Kxh6 23. Raxf1 g2 24. Rf2 f5 25. d5 Bd7 26. Rfxg2 fxe4 27. Nd4 Rf6 28. Rb2 b6 29. Rh2 Re8 30. a4 Re5 31. Kxc4 Bxa4 32. Kb4 Rxd5 33. Kc4 Re5 0-1

[Event "EU-ch Seniors 65 16th"]
[Site "Yerevan"]
[Date "2016.06.11"]
[Round "7"]
[White "Khmiadashvili, Tamari"]
[Black "Schouten, Nico"]
[Result "0-1"]
[WhiteElo "2081"]
[BlackElo "2102"]
[PlyCount "76"]
[EventDate "2016.06.05"]
[EventType "swiss"]
[EventRounds "9"]
[EventCountry "ARM"]
[SourceTitle "CBM 172 Extra"]
[Source "ChessBase"]
[SourceDate "2016.06.21"]
[SourceVersion "1"]
[SourceVersionDate "2016.06.21"]
[SourceQuality "1"]

1. e4 e5 2. Nc3 d6 3. g3 Nc6 4. Bg2 g6 5. Nge2 Bg7 6. 0-0 Nge7 7. d3 0-0 8. h3 Be6 9. Nd5 Qd7 10. Kh2 Bxd5 11. exd5 Nb4 12. c4 c6 13. a3 Na6 14. Nc3 Nc7 15. h4 cxd5 16. cxd5 f5 17. h5 Qe8 18. f4 Nb5 19. fxe5 dxe5 20. Qb3 Nd6 21. Qb4 Qd7 22. Bg5 Rfe8 23. Qh4 Nf7 24. hxg6 Nxg5 25. Qxg5 hxg6 26. g4 Kf7 27. Qe3 Rh8+ 28. Kg1 Rh4 29. d4 exd4 30. Qg3 dxc3 31. Qxh4 Bd4+ 32. Rf2 Rh8 33. Qg3 cxb2 34. Rd1 Qb5 35. Rb1 Qc5 36. Bf1 Qc2 37. Re1 Bxf2+ 38. Qxf2 Rh1+ 0-1

[Event "EU-ch Seniors 65 16th"]
[Site "Yerevan"]
[Date "2016.06.10"]
[Round "6"]
[White "Khazankin, Moisey"]
[Black "Khmiadashvili, Tamari"]
[Result "0-1"]
[WhiteElo "1951"]
[BlackElo "2081"]
[PlyCount "113"]
[EventDate "2016.06.05"]
[EventType "swiss"]
[EventRounds "9"]
[EventCountry "ARM"]
[SourceTitle "CBM 172 Extra"]
[Source "ChessBase"]
[SourceDate "2016.06.21"]
[SourceVersion "1"]
[SourceVersionDate "2016.06.21"]
[SourceQuality "1"]

1. e4 c6 2. d4 g6 3. Nc3 Bg7 4. Be3 d5 5. Qd2 Nf6 6. f3 dxe4 7. fxe4 Ng4 8. Nf3 Nxe3 9. Qxe3 0-0 10. Bc4 b5 11. Bb3 Qb6 12. Ne2 e5 13. c3 Bg4 14. 0-0 Kh8 15. h3 Bxf3 16. Rxf3 f6 17. Raf1 Na6 18. h4 c5 19. dxc5 Qxc5 20. Qxc5 Nxc5 21. Bd5 Rad8 22. g4 Rd6 23. b3 Rfd8 24. c4 b4 25. Nc1 a5 26. Kg2 Ne6 27. Nd3 h6 28. R3f2 Kh7 29. Ra1 Nd4 30. Nc5 Rb8 31. a3 a4 32. axb4 axb3 33. b5 Nc2 34. Rb1 Bf8 35. Nxb3 Ne3+ 36. Kg3 Nxd5 37. exd5 h5 38. gxh5 f5 39. hxg6+ Kxg6 40. h5+ Kg5 41. Rbf1 f4+ 42. Kf3 Kf5 43. Re2 Rh6 44. Rh1 Ra8 45. Nd2 Ra3+ 46. Kg2 Rg3+ 47. Kf1 Rc3 48. Re1 Bc5 49. Ne4 Rxc4 50. Nxc5 Rxc5 51. Rb1 Rxd5 52. b6 Rd8 53. b7 Rb8 54. Kf2 Kg5 55. Rhg1+ Kf5 56. Rh1 Kg4 57. Rh2 0-1

[Event "EU-ch Seniors 65 16th"]
[Site "Yerevan"]
[Date "2016.06.05"]
[Round "1"]
[White "Khmiadashvili, Tamari"]
[Black "Julhakyan, Vania"]
[Result "1-0"]
[WhiteElo "2081"]
[BlackElo "1730"]
[PlyCount "101"]
[EventDate "2016.06.05"]
[EventType "swiss"]
[EventRounds "9"]
[EventCountry "ARM"]
[SourceTitle "CBM 172 Extra"]
[Source "ChessBase"]
[SourceDate "2016.06.21"]
[SourceVersion "1"]
[SourceVersionDate "2016.06.21"]
[SourceQuality "1"]

1. d4 d5 2. c3 c6 3. h3 h6 4. Bf4 Bf5 5. Nd2 Nf6 6. g4 Bg6 7. Ngf3 Nbd7 8. Nh4 Bh7 9. Nf5 Nb6 10. a4 e6 11. Ng3 Bd6 12. Bxd6 Qxd6 13. Bg2 e5 14. Qb3 e4 15. e3 Rb8 16. a5 Nbd7 17. Qa3 Qxa3 18. Rxa3 0-0 19. b4 Ne8 20. 0-0 Nd6 21. c4 a6 22. Rc1 Rfc8 23. Rac3 g6 24. Bf1 f5 25. gxf5 gxf5 26. Ne2 dxc4 27. Nf4 Nf6 28. Bxc4+ Nxc4 29. Rxc4 Kf7 30. Kh2 Ke7 31. Rc5 Nd7 32. R5c3 Nf6 33. Nf1 Rd8 34. Ng3 Nd5 35. Nxd5+ Rxd5 36. Rc5 Rbd8 37. Ne2 Bg8 38. Nf4 Rxc5 39. bxc5 Bf7 40. Rb1 Rd7 41. Kg3 Kf6 42. Kh4 Be8 43. Rg1 Rh7 44. Rg8 Bf7 45. Rb8 Bc4 46. Rd8 Ke7 47. Rb8 Kf6 48. Nh5+ Ke6 49. Rf8 Bd3 50. Nf4+ Ke7 51. Rxf5 1-0

[Event "Wch Seniors 65 (Women) 25th"]
[Site "Acqui Terme"]
[Date "2015.11.12"]
[Round "3"]
[White "Khmiadashvili, Tamari"]
[Black "Fatalibekova, Elena"]
[Result "1-0"]
[WhiteElo "2029"]
[BlackElo "2242"]
[PlyCount "67"]
[EventDate "2015.11.10"]
[EventType "tourn"]
[EventRounds "9"]
[EventCountry "ITA"]
[SourceTitle "CBM 169 Extra"]
[Source "ChessBase"]
[SourceDate "2015.12.18"]
[SourceVersion "1"]
[SourceVersionDate "2015.12.18"]
[SourceQuality "1"]

1. d4 Nf6 2. c3 g6 3. Bg5 Bg7 4. Nd2 d5 5. Bxf6 exf6 6. e3 f5 7. Bd3 Nd7 8. Ne2 Nf6 9. Nf4 Ne4 10. h4 h5 11. Qb3 c6 12. a4 Qe7 13. Qa3 Qc7 14. a5 a6 15. c4 Nxd2 16. Kxd2 dxc4 17. Bxc4 Bxd4 18. Nxg6 fxg6 19. exd4 Bd7 20. Rhe1+ Kd8 21. Re5 Kc8 22. Rae1 Rd8 23. Qc5 Kb8 24. Kc3 Bc8 25. f4 Qd6 26. g3 Qxc5 27. dxc5 Ka7 28. Bf7 Kb8 29. R1e3 Rd1 30. Bxg6 Bd7 31. Bxf5 Kc7 32. Bxd7 Rxd7 33. Rxh5 Rad8 34. Rhe5 1-0

[Event "EU-ch rapid (Women)"]
[Site "Kutaisi"]
[Date "2015.06.03"]
[Round "10"]
[White "Wagner, Dinara"]
[Black "Khmiadashvili, Tamari"]
[Result "1-0"]
[WhiteElo "2242"]
[BlackElo "2043"]
[PlyCount "97"]
[EventDate "2015.06.01"]
[EventType "swiss (rapid)"]
[EventRounds "11"]
[EventCountry "GEO"]
[SourceTitle "CBM 166 Extra"]
[Source "ChessBase"]
[SourceDate "2015.06.18"]
[SourceVersion "1"]
[SourceVersionDate "2015.06.18"]
[SourceQuality "1"]

1. Nf3 f5 2. d3 Nf6 3. Nc3 d5 4. g3 e6 5. Bg2 Bb4 6. 0-0 0-0 7. a3 Be7 8. e4 d4 9. Ne2 Nc6 10. exf5 e5 11. c3 Bxf5 12. cxd4 Nxd4 13. Nexd4 exd4 14. Qb3+ Kh8 15. Ne5 Rb8 16. Nf7+ Rxf7 17. Qxf7 Bxd3 18. Re1 Ng8 19. Bf4 Bg6 20. Qe6 Bd6 21. Bxd6 cxd6 22. Be4 Be8 23. Rad1 Qb6 24. b4 Ba4 25. Rd2 Nf6 26. Qf5 Re8 27. Rde2 Bd7 28. Qf4 Bb5 29. Bd3 Rxe2 30. Rxe2 Bd7 31. Rd2 a5 32. b5 Qc5 33. Bf1 Bxb5 34. Bxb5 Qxb5 35. Qxd4 d5 36. Rb2 Qc6 37. Kg2 h6 38. a4 Kh7 39. Rb5 Qc2 40. Rxb7 Kg6 41. Rb5 Qe2 42. Rxa5 h5 43. h4 Qc2 44. Rc5 Qa2 45. a5 Qe2 46. Rc6 Kh7 47. a6 Ne4 48. Rc7 Qg4 49. Rxg7+ 1-0

[Event "EU-ch rapid (Women)"]
[Site "Kutaisi"]
[Date "2015.06.02"]
[Round "8"]
[White "Esadze, Tamari"]
[Black "Khmiadashvili, Tamari"]
[Result "0-1"]
[WhiteElo "1697"]
[BlackElo "2043"]
[PlyCount "90"]
[EventDate "2015.06.01"]
[EventType "swiss (rapid)"]
[EventRounds "11"]
[EventCountry "GEO"]
[SourceTitle "CBM 166 Extra"]
[Source "ChessBase"]
[SourceDate "2015.06.18"]
[SourceVersion "1"]
[SourceVersionDate "2015.06.18"]
[SourceQuality "1"]

1. e4 c6 2. d4 g6 3. Nc3 Bg7 4. Nf3 d5 5. Be3 Nf6 6. exd5 cxd5 7. Ne5 0-0 8. Be2 Nc6 9. 0-0 Ne8 10. Bb5 Bd7 11. f4 Nc7 12. Be2 f5 13. Bf3 e6 14. Qd2 Be8 15. Rad1 a6 16. a3 b5 17. Na2 a5 18. b3 Qd6 19. Qc1 Rc8 20. Qb2 b4 21. a4 Nd8 22. Nc1 Nb7 23. Ncd3 Qe7 24. Rc1 Nd6 25. Nc5 Ne4 26. Bxe4 dxe4 27. c4 bxc3 28. Qxc3 Nd5 29. Qd2 g5 30. g3 Bxe5 31. fxe5 h6 32. Kh1 Bh5 33. Bf2 Bf3+ 34. Kg1 f4 35. Qxa5 e3 36. Be1 Be2 37. Bb4 Nxb4 38. Qxb4 Bxf1 39. Rxf1 f3 40. Qc3 f2+ 41. Kg2 Qb7+ 42. Kh3 Qf3 43. Qc4 g4+ 44. Kh4 Qf5 45. Qe2 Qg5# 0-1

[Event "EU-ch rapid (Women)"]
[Site "Kutaisi"]
[Date "2015.06.01"]
[Round "1"]
[White "Charochkina, Daria"]
[Black "Khmiadashvili, Tamari"]
[Result "1-0"]
[WhiteElo "2391"]
[BlackElo "2043"]
[PlyCount "59"]
[EventDate "2015.06.01"]
[EventType "swiss (rapid)"]
[EventRounds "11"]
[EventCountry "GEO"]
[SourceTitle "CBM 166 Extra"]
[Source "ChessBase"]
[SourceDate "2015.06.18"]
[SourceVersion "1"]
[SourceVersionDate "2015.06.18"]
[SourceQuality "1"]

1. d4 c6 2. c4 g6 3. Nc3 Bg7 4. e4 d6 5. Nf3 Bg4 6. Be3 e6 7. h3 Bxf3 8. Qxf3 Na6 9. 0-0-0 Bh6 10. e5 Bxe3+ 11. Qxe3 Ne7 12. g4 h5 13. Be2 d5 14. f4 dxc4 15. Bxc4 Nd5 16. Bxd5 cxd5 17. Nb5 Qa5 18. Nd6+ Ke7 19. Kb1 Nb4 20. a3 Nc6 21. f5 hxg4 22. Qg5+ Kd7 23. Qf6 gxf5 24. Qxf7+ Ne7 25. Nxb7 Qb6 26. Nc5+ Qxc5 27. dxc5 Rac8 28. c6+ Rxc6 29. hxg4 Re8 30. gxf5 1-0

[Event "EU-ch rapid (Women)"]
[Site "Kutaisi"]
[Date "2015.06.01"]
[Round "3"]
[White "Melia, Salome"]
[Black "Khmiadashvili, Tamari"]
[Result "1/2-1/2"]
[WhiteElo "2452"]
[BlackElo "2043"]
[PlyCount "118"]
[EventDate "2015.06.01"]
[EventType "swiss (rapid)"]
[EventRounds "11"]
[EventCountry "GEO"]
[SourceTitle "CBM 166 Extra"]
[Source "ChessBase"]
[SourceDate "2015.06.18"]
[SourceVersion "1"]
[SourceVersionDate "2015.06.18"]
[SourceQuality "1"]

1. e4 c6 2. d4 g6 3. Nc3 Bg7 4. Nf3 d6 5. Be2 Bg4 6. 0-0 h5 7. h3 Bxf3 8. Bxf3 Nd7 9. Re1 e5 10. dxe5 dxe5 11. a4 a5 12. b3 Ngf6 13. Be3 0-0 14. Qd2 Qe7 15. Rad1 Rfd8 16. Qc1 Nc5 17. Rxd8+ Rxd8 18. Rd1 Ne6 19. Rxd8+ Qxd8 20. Be2 Nd7 21. Qd2 Qc7 22. Bc4 Ndc5 23. f3 Bf6 24. Ne2 Qd8 25. Qxd8+ Bxd8 26. g3 h4 27. g4 g5 28. Kf2 Kg7 29. Nc3 Be7 30. Be2 Nd4 31. Bd1 Nce6 32. Nb1 Nf4 33. Bxf4 gxf4 34. Nd2 b5 35. c3 Ne6 36. Be2 bxa4 37. bxa4 Nc5 38. Bd1 f6 39. Ke2 Ne6 40. Kf1 Nc5 41. Nc4 Bd8 42. Nd6 Kg6 43. Bc2 Bc7 44. Nf5 Kg5 45. Ne7 Bb6 46. Nxc6 Ne6 47. Ne7 Be3 48. Nd5 Bc5 49. Ke2 Kg6 50. Bd3 Ng5 51. Kf1 Nxh3 52. Kg2 Ng5 53. Be2 h3+ 54. Kh1 Ne6 55. Kh2 Ng5 56. Kh1 Kf7 57. Nc7 Ke7 58. Nd5+ Kf7 59. Nc7 Ke7 1/2-1/2